La Nueva cuestión social en un mundo globalizado /
Gorde:
| Egile nagusia: | |
|---|---|
| Formatua: | Texto |
| Gaiak: | |
| Etiketak: |
Etiketa erantsi
Etiketarik gabe, Izan zaitez lehena erregistro honi etiketa jartzen!
|
MARC
| LEADER | 00000 a a2200000 04500 | ||
|---|---|---|---|
| 001 | 3639 | ||
| 003 | |||
| 040 | |||
| 100 | |a Vite Pérez, Miguel Angel | ||
| 245 | |a La Nueva cuestión social en un mundo globalizado / |c Miguel Angel Vite Pérez | ||
| 650 | |a DESIGUALDAD SOCIAL | ||
| 650 | |a DESEMPLEO | ||
| 650 | |a POBREZA | ||
| 650 | |a PRIVATIZACION | ||
| 650 | |a BIENESTAR SOCIAL | ||
| 650 | |a GLOBALIZACION | ||
| 650 | |a DERECHO DEL TRABAJO | ||
| 650 | |a AMERICA LATINA | ||
| 773 | |g volumen 57, número 6; páginas 442-447 | ||
| 999 | |c 38476 |d 38476 | ||
